000 00454nam a2200181Ia 4500
008 240925s9999 xx 000 0 und d
020 _a706701445
082 _a796.44 NYR
100 _aNyren, John
245 4 _aThe Young Cricketers Tutor
250 _aNA
260 _aLondon:
_bDavis-Poynter
_c,1974.
300 _a192p.
_bN.A
_fOriginal
500 _aNA
600 _aHumanities & Natural Science
650 _aArts and Recreation
942 _cBK
999 _c12053
_d12053